000 00636nam a22002177a 4500
003 3228
005 20250517010754.0
008 250516b sa ||||| |||| 00| 1 AFR d
020 _a9780799340181
_qhbk
040 _aRDA
_c2000
041 _2A
082 _aAF LAND
100 _aLandsberg, Louise
_9107372
245 _aWees dan my beminde /
_cLouise Landsberg
260 _aPretoria :
_bRomankeur,
_c2007
300 _a159 pages
_c21 cm.
655 0 _9189056
_aAfrikaans Fiction
655 0 _9188670
_aHuman Relations Fiction
655 0 _9188216
_aLight Romance
942 _2ddc
_cBK
_w296
_xPhillipina Naude
_y
_zCRON CRON
999 _c776377
_d776376